000 01256nam a2200277 u 4500
001 000055403
005 20200120223104.0
008 130605s1985 ck er 000 0 spa d
020 _a9586141002
041 0 _a.spa
043 _as-ck---
090 _aAN
_bTHOr
100 1 _aThomas, Dylan.
245 1 0 _aRetrato del artista cachorro /
_cDylan Thomas ; traducción de Juan Angel Cotta.
250 _a1a ed.
260 _aBogotá :
_bSeix Barral,
_c1985.
300 _a165 p.
490 0 _aObras maestras de la literatura contemporánea Seix Barral
_v16
506 0 _aGeneral
520 3 _aRetrato del Artista cachorro es la única colección de relatos que Dylan Thomas reunió como tal a lo largo de su vida. Basados en sus experiencia biográficas-aunque mas que intentar arrojar luz sobre su vida,la transfigura y la convierte en material literario; son posiblemente la cima de la narrativa de Thomas,el "Rimbaud de Cwmdonkin Drive",el hacedor de palabras y de emociones que supo extraer de sus raíces galesas la savia de la universalidad.
650 1 4 _aNovela inglesa
_ySiglo XX.
650 2 4 _aLiteratura inglesa.
650 2 4 _aPeriodistas en la literatura.
650 2 4 _aEmociones en la literatura.
700 1 _aCotta, Juan Manuel
_etr.
999 _c4965
_d4965